Банковский менеджмент: учебник для вузов по программе "Финансы и кредит"

Bibliographische Detailangaben
Körperschaft: Финансовый университет при Правительстве Российской Федерации
Weitere Verfasser: Лаврушин О. И. Олег Иванович, Мамонова И. Д., Валенцева Н. И., Ширинская З. Г.
Zusammenfassung:Авт. указаны на 8-й с.
Учебник подготовлен кафедрой «Денежно-кредитные отношения и банки» Финансовой академии при Правительстве Российской Федерации. В нем рассмотрен комплекс вопросов, связанных с управлением денежно-кредитными институтами. Первый раздел посвящен экономическим, организационным и правовым основам банковского менеджмента. Во втором разделе подробно охарактеризованы различные аспекты финансового менеджмента в коммерческом банке. В учебнике нашли отражение современные взгляды на банковский менеджмент. Его отличает высокий профессиональный уровень и глубина проработки вопросов. Методический аппарат включает выводы и вопросы для самопроверки по главам. Для студентов, преподавателей, аспирантов экономических вузов. Может быть полезен работникам банковской сферы.
Sprache:Russisch
Veröffentlicht: Москва, КноРус, 2011
Ausgabe:4-е изд., стер.
Schlagworte:
Format: MixedMaterials Buch
KOHA link:https://koha.lib.tpu.ru/cgi-bin/koha/opac-detail.pl?biblionumber=193460

MARC

LEADER 00000nam0a2200000 4500
001 193460
005 20231101224504.0
010 |a 9785406015247  |b (в пер.)  |b 2000 экз. 
021 |a RU  |b 08-86186  |9 08-5033 
035 |a (RuTPU)RU\TPU\book\210993 
035 |a RU\TPU\book\172390 
090 |a 193460 
100 |a 20081119d2011 m y0rusy5002 ca 
101 0 |a rus 
102 |a RU 
105 |a a j 011zy 
200 1 |a Банковский менеджмент  |e учебник для вузов по программе "Финансы и кредит"  |f О. И. Лаврушин [и др.]  |g Финансовый университет при Правительстве Российской Федерации 
205 |a 4-е изд., стер. 
210 |a Москва  |c КноРус  |d 2011 
215 |a 560 с.  |c ил. 
300 |a Авт. указаны на 8-й с. 
320 |a Библиогр.: с. 552-554. 
320 |a Библиография в конце глав. 
330 |a Учебник подготовлен кафедрой «Денежно-кредитные отношения и банки» Финансовой академии при Правительстве Российской Федерации. В нем рассмотрен комплекс вопросов, связанных с управлением денежно-кредитными институтами. Первый раздел посвящен экономическим, организационным и правовым основам банковского менеджмента. Во втором разделе подробно охарактеризованы различные аспекты финансового менеджмента в коммерческом банке. В учебнике нашли отражение современные взгляды на банковский менеджмент. Его отличает высокий профессиональный уровень и глубина проработки вопросов. Методический аппарат включает выводы и вопросы для самопроверки по главам. Для студентов, преподавателей, аспирантов экономических вузов. Может быть полезен работникам банковской сферы. 
451 1 |0 (RuTPU)RU\TPU\book\172390  |y 978-5-85971-912-9  |t Банковский менеджмент  |o учебник для вузов по программе <Финансы и кредит>  |f О. И. Лаврушин, И. Д. Мамонова, Н. И. Валенцева и др.  |g Финансовая академия при Правительстве Российской Федерации ; под ред. О. И. Лаврушина  |e 2-е изд., перераб. и доп.  |c М.  |n КноРус  |d 2009  |p 553, [1] с. 
606 1 |a Банковский менеджмент  |2 stltpush  |3 (RuTPU)RU\TPU\subj\67566  |9 83309 
610 1 |a финансы 
610 1 |a банки 
610 1 |a управление 
610 1 |a финансовое право 
610 1 |a банковская деятельность 
610 1 |a планирование 
610 1 |a банковский маркетинг 
610 1 |a аналитическая работа 
610 1 |a внутренний контроль 
610 1 |a персонал 
610 1 |a коммерческие банки 
610 1 |a оценка 
610 1 |a ликвидность 
610 1 |a прибыль 
610 1 |a пассивы 
610 1 |a активы 
610 1 |a кредитные риски 
610 1 |a расчеты 
610 1 |a процентные риски 
610 1 |a валютные риски 
610 1 |a дилинг 
610 1 |a рыночные риски 
610 1 |a банковские инновации 
610 1 |a санация 
610 1 |a безопасность 
610 1 |a учебники 
686 |a У9(2)262.10я73  |v LBC/SL-A  |2 rubbk 
701 1 |a Лаврушин  |b О. И.  |g Олег Иванович  |4 070 
701 1 |a Мамонова  |b И. Д.  |4 070 
701 1 |a Валенцева  |b Н. И.  |4 070 
701 1 |a Ширинская  |b З. Г.  |4 070 
712 0 2 |a Финансовый университет при Правительстве Российской Федерации  |2 stltpush  |3 (RuTPU)RU\TPU\col\17114 
801 1 |a RU  |b 63413507  |c 20110323 
801 2 |a RU  |b 63413507  |c 20150526  |g RCR 
900 |a Банковский менеджмент 
942 |c BK 
952 |b 080300 
959 |a 32/20110323  |d 7  |e 500,00  |f ЧЗГЛ:1  |f АНЛ:1  |f УФ:5